Gender perspectives on property and inheritance : (Record no. 396)

MARC details
000 -LEADER
fixed length control field 009550000a22002770004500
003 - CONTROL NUMBER IDENTIFIER
control field LK-CoMWRAF
005 - DATE AND TIME OF LATEST TRANSACTION
control field 20231127124918.0
008 - FIXED-LENGTH DATA ELEMENTS--GENERAL INFORMATION
fixed length control field 230817t2001 ||||| |||| 00| 0 eng d
020 ## - INTERNATIONAL STANDARD BOOK NUMBER
International Standard Book Number 0855984619
040 ## - CATALOGING SOURCE
Original cataloging agency LK-CoMWRAF
Modifying agency LK-CoMWRAF
Description conventions LK-CoMWRAF
041 ## - LANGUAGE CODE
Language code of text/sound track or separate title English
082 ## - DEWEY DECIMAL CLASSIFICATION NUMBER
Classification number 305.42
Item number GEN
942 ## - ADDED ENTRY ELEMENTS (KOHA)
Koha item type Books
700 ## - ADDED ENTRY--PERSONAL NAME
Personal name Cummings, Sarah
Relator Term editor
700 ## - ADDED ENTRY--PERSONAL NAME
Personal name van Dam, Henk
Relator Term editor
700 ## - ADDED ENTRY--PERSONAL NAME
Personal name Khadar, Angela
Relator Term editor
700 ## - ADDED ENTRY--PERSONAL NAME
Personal name Valk, Minke
Relator Term editor
245 ## - TITLE STATEMENT
Title Gender perspectives on property and inheritance :
Remainder of title a global source book
260 ## - PUBLICATION, DISTRIBUTION, ETC. (IMPRINT)
Place of publication, distribution, etc. Oxford:
Name of publisher, distributor, etc. Oxfam GB,
Date of publication, distribution, etc. 2001
300 ## - PHYSICAL DESCRIPTION
Extent 142 p. ; 24 cm.
Other physical details Bibliography and index included
490 ## - SERIES STATEMENT
Series statement Gender, Society & Development
490 ## - SERIES STATEMENT
Series statement Critical reviews and annotated bibliographies series
856 ## - ELECTRONIC LOCATION AND ACCESS
Uniform Resource Identifier <a href="https://www.kit.nl/wp-content/uploads/2018/08/529_bwGenderP.pdf">https://www.kit.nl/wp-content/uploads/2018/08/529_bwGenderP.pdf</a>
650 ## - SUBJECT ADDED ENTRY--TOPICAL TERM
Topical term or geographic name as entry element Inheritance and succession--Abstracts
650 ## - SUBJECT ADDED ENTRY--TOPICAL TERM
Topical term or geographic name as entry element Sex discrimination--Law and legislation--Abstracts.
Holdings
Withdrawn status Lost status Damaged status Not for loan Permanent Location Current Location Date acquired Full call number Barcode Koha item type
        Resource center, Muslim Women's Research And Action Forum Resource center, Muslim Women's Research And Action Forum 2023-08-17 305.42 GEN RAF3186 Books

Copyright © 2023 Muslim Women's Research and Action Forum (MWRAF), No 27/3, Anderson Road, Kalubowila, Dehiwela. Funded by The Asia Fundation